K problematike zosúlaďovania právnych noriem s európskymi
Aproximácia práva. Problematika výroby a využívania PVC. Malé a stredné podnikanie, rodinné podnikanie, prihraničná spolupráca MSP. Euroregióny - ekonomický rozvoj a rozvoj cesrovného ruchu. Príspevok z riešenia Projektu VEGA č. 1/7279/20 (59).
Guardado en:
| Autor principal: | |
|---|---|
| Formato: | Capítulo de libro |
| Lenguaje: | eslovaco |
| Materias: | |
| Etiquetas: |
Sin Etiquetas, Sea el primero en etiquetar este registro!
|
MARC
| LEADER | 00000naa$a2200000$$$4500 | ||
|---|---|---|---|
| 001 | 0008867 | ||
| 005 | 20221104095148.2 | ||
| 041 | 0 | |a slo | |
| 044 | |a SK | ||
| 245 | 1 | 0 | |a K problematike zosúlaďovania právnych noriem s európskymi |c aut. Ľubomír Dendiš |
| 520 | |a Aproximácia práva. Problematika výroby a využívania PVC. Malé a stredné podnikanie, rodinné podnikanie, prihraničná spolupráca MSP. Euroregióny - ekonomický rozvoj a rozvoj cesrovného ruchu. Príspevok z riešenia Projektu VEGA č. 1/7279/20 (59). | ||
| 610 | 2 | 0 | |a Slovensko |
| 610 | 2 | 0 | |a aproximácia práva |
| 610 | 2 | 0 | |a podnikanie malé |
| 610 | 2 | 0 | |a podnikanie stredné |
| 610 | 2 | 0 | |a euroregióny |
| 610 | 2 | 0 | |a ruch cestovný |
| 100 | 1 | |a Dendiš, Ľubomír | |